Vízia modelu Európy budúcnosti

Reforma inštitúcií EÚ a legislatívneho procesu v rámci EÚ. Budúcnosť trojpilierového usporiadania Európskej únie. Vertikálna deľba moci v Európskej únii. Otázky hraníc Európy a hlavného mesta Európskej únie.

Salvato in:
Dettagli Bibliografici
Autore principale: Klus, Martin
Natura: Capitolo di libro
Lingua:slovacco
Soggetti:
Tags: Aggiungi Tag
Nessun Tag, puoi essere il primo ad aggiungerne!!

MARC

LEADER 00000naa$a2200000$$$4500
001 0002047
005 20230922121007.5
041 0 |a slo 
044 |a SK 
245 1 0 |a Vízia modelu Európy budúcnosti  |c aut. Martin Klus 
520 |a Reforma inštitúcií EÚ a legislatívneho procesu v rámci EÚ. Budúcnosť trojpilierového usporiadania Európskej únie. Vertikálna deľba moci v Európskej únii. Otázky hraníc Európy a hlavného mesta Európskej únie. 
610 2 0 |a Európska únia 
610 2 0 |a ústava 
610 2 0 |a reformy 
610 2 0 |a legislatíva 
610 2 0 |a usporiadanie správne 
100 1 |a Klus, Martin